000 00868cam a2200301Lu 4500
001 85653
005 20230411090044.0
008 900101s1994 mx 001 0 spa d
035 _a(OCoLC)ocn493686926
040 _aZWZ
_encafnor
_bfre
_cZWZ
020 _a9700505553
020 _a9789700505558
029 0 _aZWZ
_b096871857
035 _a(OCoLC)493686926
049 _aGRAL
100 1 _aKrieger, Emilio.
245 1 0 _aEn defensa de la constitución :
_bviolaciones presidenciales a la carta magna /
_cEmilio Krieger.
260 _aMéxico :
_bGrijalbo,
_c1994.
300 _a307 p. ;
_c22 cm.
504 _aNotes bibliogr.
650 4 _aCRV
650 4 _aColección Rene Villarreal.
650 7 _aPouvoir exécutif
_zMexique.
_2ram
650 7 _aDroit constitutionnel
_zMexique.
_2ram
942 _2lcc
_cbk
946 _amfcruz
994 _aC0
_bDRFGD
999 _c111684
_d111684